[Event "LTU-chT"]
[Site "Lithuania"]
[Date "2016.04.02"]
[Round "6.3"]
[White "Kveinys, Aloyzas"]
[Black "Taucius, Martynas"]
[Result "1-0"]
[WhiteElo "2524"]
[BlackElo "2287"]
[PlyCount "53"]
[EventDate "2016.01.23"]
[EventType "team-swiss"]
[EventRounds "7"]
[EventCountry "LTU"]
[SourceTitle "EXT 2017"]
[Source "ChessBase"]
[SourceDate "2016.10.25"]
[SourceVersion "1"]
[SourceVersionDate "2016.10.25"]
[SourceQuality "1"]
[WhiteTeam "Kaunas Ezerelio"]
[BlackTeam "Kretinga Akmena"]
[WhiteTeamCountry "LTU"]
[BlackTeamCountry "LTU"]

1. d4 d5 2. c4 dxc4 3. e3 c5 4. Bxc4 cxd4 5. exd4 Qc7 6. Bb3 Bg4 7. f3 Bd7 8. Nc3 e6 9. Nge2 Nf6 10. Bg5 Be7 11. Rc1 Nc6 12. 0-0 Qb6 13. Kh1 Rd8 14. d5 Na5 15. Na4 Qa6 16. Bxf6 gxf6 17. Nf4 Nxb3 18. axb3 e5 19. Nh5 Bxa4 20. bxa4 Qa5 21. Qc2 Qxd5 22. Rfd1 Qa5 23. Qe4 Qa6 24. Ng7+ Kf8 25. Rxd8+ Bxd8 26. Nf5 Qe6 27. Qb4+ 1-0

[Event "LTU-chT2 1011"]
[Site "Lithuania"]
[Date "2011.02.26"]
[Round "8.31"]
[White "Mikalauskis, Kestutis"]
[Black "Taucius, Martynas"]
[Result "1/2-1/2"]
[WhiteElo "1882"]
[BlackElo "2281"]
[PlyCount "69"]
[EventDate "2010.11.06"]
[EventType "team-tourn"]
[EventRounds "9"]
[EventCountry "LTU"]
[SourceTitle "EXT 2012"]
[Source "ChessBase"]
[SourceDate "2011.11.24"]
[SourceVersion "1"]
[SourceVersionDate "2011.11.24"]
[SourceQuality "1"]

1. Nf3 d5 2. g3 Bg4 3. Bg2 c6 4. 0-0 e6 5. d4 Nd7 6. Nbd2 Ngf6 7. c4 Be7 8. b3 0-0 9. Bb2 b5 10. Ne5 Nxe5 11. dxe5 Nd7 12. h3 Bh5 13. g4 Bg6 14. e4 bxc4 15. bxc4 Nc5 16. cxd5 cxd5 17. exd5 exd5 18. Nb3 Nd3 19. Bd4 Nf4 20. Qd2 Nxg2 21. Kxg2 Rc8 22. Rac1 Rc4 23. Bxa7 Qa8 24. Bd4 Rfc8 25. Ra1 Rc2 26. Qa5 Be4+ 27. Kg1 Qc6 28. Qb6 Qa4 29. Qa7 Qxa7 30. Bxa7 Ba3 31. Bd4 Bd3 32. Rfe1 Ra8 33. Re3 Bc4 34. Rc3 Re2 35. Re3 1/2-1/2

[Event "LTU-chT2"]
[Site "Lithuania"]
[Date "2009.11.07"]
[Round "1.21"]
[White "Taucius, Martynas"]
[Black "Jocys, Dalius"]
[Result "1-0"]
[WhiteElo "2287"]
[BlackElo "2215"]
[PlyCount "69"]
[EventDate "2009.11.07"]
[EventType "team-tourn"]
[EventRounds "9"]
[EventCountry "LTU"]
[SourceTitle "EXT 2022"]
[Source "ChessBase"]
[SourceDate "2021.10.06"]
[SourceVersion "1"]
[SourceVersionDate "2021.10.06"]
[SourceQuality "1"]

1. Nf3 Nf6 2. c4 d6 3. d4 c6 4. Nc3 Nbd7 5. e4 e5 6. Be2 Be7 7. 0-0 0-0 8. Rb1 a5 9. Re1 Re8 10. Bf1 Qc7 11. a3 Nf8 12. d5 N8d7 13. b4 axb4 14. axb4 c5 15. Bd2 b6 16. Qb3 Ba6 17. bxc5 bxc5 18. Ra1 Reb8 19. Qc2 Nb6 20. Reb1 Nxc4 21. Rxb8+ Qxb8 22. Rxa6 Rxa6 23. Bxc4 Ra1+ 24. Bf1 c4 25. Bc1 Qb4 26. Bb2 Ra8 27. Nd2 Rc8 28. Na2 Qa5 29. Bc3 Qb5 30. Nb4 Kf8 31. Nc6 Ra8 32. Nxc4 Qa4 33. Qxa4 Rxa4 34. f3 Ne8 35. Nb6 1-0

[Event "LTU-chT1 0809 fin A 4th"]
[Site "Lithuania"]
[Date "2009.03.15"]
[Round "9.21"]
[White "Taucius, Martynas"]
[Black "Martinkus, Rolandas"]
[Result "1-0"]
[WhiteElo "2293"]
[BlackElo "2250"]
[PlyCount "65"]
[EventDate "2009.02.08"]
[EventType "team-tourn"]
[EventRounds "4"]
[EventCountry "LTU"]
[SourceTitle "EXT 2024"]
[Source "ChessBase"]
[SourceDate "2023.10.10"]
[SourceVersion "1"]
[SourceVersionDate "2023.10.10"]
[SourceQuality "1"]
[WhiteTeam "Gargzdai Mintis"]
[BlackTeam "Marijampole Suduva"]
[WhiteTeamCountry "LTU"]
[BlackTeamCountry "LTU"]

1. Nf3 d5 2. d4 c5 3. c4 e6 4. cxd5 exd5 5. g3 Nc6 6. Bg2 Nf6 7. Nc3 Be7 8. 0-0 0-0 9. Bg5 Be6 10. dxc5 Bxc5 11. Rc1 Be7 12. Nd4 Nxd4 13. Qxd4 Qa5 14. Rfd1 Rac8 15. a3 h6 16. Be3 b6 17. Qd3 Rfd8 18. Bd2 Kh8 19. Ra1 Qc5 20. Nb5 Ne4 21. Be3 Qc2 22. Nxa7 Qxb2 23. Nxc8 Rxc8 24. Bd4 Nc3 25. Bf3 Rc4 26. Qd2 Qxd2 27. Rxd2 b5 28. Bxc3 Rxc3 29. Bxd5 Rxa3 30. Rxa3 Bxa3 31. Bxe6 fxe6 32. Rd8+ Kh7 33. Rb8 1-0

[Event "LTU-chT1 0809 fin A 4th"]
[Site "Lithuania"]
[Date "2009.03.14"]
[Round "8.11"]
[White "Garnelis, Julius"]
[Black "Taucius, Martynas"]
[Result "1-0"]
[WhiteElo "2188"]
[BlackElo "2293"]
[PlyCount "61"]
[EventDate "2009.02.08"]
[EventType "team-tourn"]
[EventRounds "4"]
[EventCountry "LTU"]
[SourceTitle "EXT 2024"]
[Source "ChessBase"]
[SourceDate "2023.10.10"]
[SourceVersion "1"]
[SourceVersionDate "2023.10.10"]
[SourceQuality "1"]
[WhiteTeam "Kaunas Trys nuliai"]
[BlackTeam "Gargzdai Mintis"]
[WhiteTeamCountry "LTU"]
[BlackTeamCountry "LTU"]

1. e4 c5 2. Nf3 d6 3. d4 cxd4 4. Nxd4 Nf6 5. Nc3 Nc6 6. Bc4 e6 7. 0-0 Be7 8. Kh1 0-0 9. f4 Qa5 10. Nxc6 bxc6 11. Qe1 Qc7 12. e5 Nd5 13. Qg3 Nxc3 14. bxc3 d5 15. Bd3 f5 16. c4 d4 17. Bd2 c5 18. Rab1 Rb8 19. Ba5 Qxa5 20. Rxb8 Qxa2 21. Qf3 Ba6 22. Rbb1 Bc8 23. Ra1 Qb2 24. Rfb1 Qc3 25. Rxa7 Re8 26. Qe2 Bh4 27. g3 Bd8 28. Rb3 Re7 29. Rxe7 Qa1+ 30. Qf1 Bxe7 31. Qxa1 1-0

[Event "LTU-chT1 4th 0809 pre group A"]
[Site "Lithuania"]
[Date "2008.11.08"]
[Round "1.1"]
[White "Taucius, Martynas"]
[Black "Jocys, Dalius"]
[Result "0-1"]
[WhiteElo "2293"]
[BlackElo "2211"]
[PlyCount "82"]
[EventDate "2008.11.08"]
[EventType "team-tourn"]
[EventRounds "5"]
[EventCountry "LTU"]
[SourceTitle "EXT 2024"]
[Source "ChessBase"]
[SourceDate "2023.10.10"]
[SourceVersion "1"]
[SourceVersionDate "2023.10.10"]
[SourceQuality "1"]
[WhiteTeam "Gargzdai Mintis"]
[BlackTeam "Kretinga Akmena"]
[WhiteTeamCountry "LTU"]
[BlackTeamCountry "LTU"]

1. Nf3 Nf6 2. c4 c5 3. Nc3 e6 4. g3 b6 5. Bg2 Bb7 6. 0-0 Be7 7. Re1 0-0 8. e4 d6 9. d4 cxd4 10. Nxd4 Qc8 11. Be3 Nbd7 12. Rc1 a6 13. f4 Re8 14. Bf2 g6 15. b4 e5 16. Nb3 exf4 17. gxf4 Nh5 18. Nd5 Qd8 19. Be3 Bh4 20. Rf1 Bxd5 21. cxd5 Ndf6 22. Qd4 Rb8 23. Rc6 Nxe4 24. Bxe4 Qe7 25. Nd2 f5 26. Bf3 Bf6 27. Qd3 Qxe3+ 28. Qxe3 Rxe3 29. Nc4 Rd3 30. Bxh5 gxh5 31. Rxd6 Be7 32. Rd7 Bxb4 33. Kf2 Rd4 34. Rg1+ Kf8 35. Ne5 Rxf4+ 36. Kg3 Re4 37. Rf7+ Ke8 38. Rxf5 Bd6 39. Kf3 Rxe5 40. Rg8+ Kd7 41. Rg7+ Re7 0-1

[Event "Klaipeda-ch"]
[Site "Klaipeda"]
[Date "2002.??.??"]
[Round "?"]
[White "Jonusevicius, Audrius"]
[Black "Taucius, Martynas"]
[Result "0-1"]
[WhiteElo "2114"]
[BlackElo "2271"]
[PlyCount "100"]
[EventDate "2002.??.??"]
[EventType "tourn"]
[EventRounds "11"]
[EventCountry "LTU"]
[SourceTitle "EXT 2008"]
[Source "ChessBase"]
[SourceDate "2007.11.25"]
[SourceVersion "1"]
[SourceVersionDate "2007.11.25"]
[SourceQuality "1"]

1. d4 Nf6 2. Nf3 c5 3. d5 g6 4. c4 d6 5. Nc3 Bg7 6. e4 0-0 7. Bd3 e5 8. 0-0 Nh5 9. Qc2 Nf4 10. Bxf4 exf4 11. Ne2 Qf6 12. b3 Bg4 13. Nd2 Qg5 14. Rae1 f3 15. Ng3 h5 16. h3 Bd4 17. hxg4 hxg4 18. e5 Kg7 19. Nde4 Qh4 20. Nf5+ gxf5 21. Nxd6 Qh5 22. Nxf5+ Kh8 23. Nxd4 cxd4 24. Be4 Kg7 25. Bh7 Rh8 26. Qf5 Rxh7 27. Qxh5 Rxh5 28. Re4 fxg2 29. Kxg2 Rg5 30. Rfe1 Nd7 31. e6 fxe6 32. dxe6 Nf6 33. Rxd4 Re8 34. b4 Kf8 35. Re3 Ke7 36. Kg3 Rc8 37. b5 b6 38. Kg2 Rgc5 39. Ra3 R8c7 40. Ra4 Kxe6 41. Rb4 Ke5 42. Rd8 Rxc4 43. Rb3 Rc3 44. Rb4 R7c4 45. Rb1 Rc2 46. Re1+ Kf5 47. a3 R4c3 48. Ra1 g3 49. a4 Rxf2+ 50. Kg1 Rcc2 0-1

[Event "Klaipeda 750 jub"]
[Site "Klaipeda"]
[Date "2002.??.??"]
[Round "6"]
[White "Taucius, Martynas"]
[Black "Narmontas, Matas"]
[Result "1-0"]
[WhiteElo "2271"]
[BlackElo "2129"]
[PlyCount "92"]
[EventDate "2002.??.??"]
[EventType "swiss"]
[EventRounds "7"]
[EventCountry "LTU"]
[SourceTitle "EXT 2005"]
[Source "ChessBase"]
[SourceDate "2004.11.15"]
[SourceVersion "1"]
[SourceVersionDate "2004.11.15"]
[SourceQuality "1"]

1. Nf3 Nf6 2. c4 e6 3. Nc3 b6 4. e4 d6 5. d4 c5 6. d5 e5 7. Be2 g6 8. 0-0 Bg7 9. Bg5 h6 10. Bh4 g5 11. Bg3 h5 12. h4 Nh7 13. hxg5 Nxg5 14. Nh4 Bf6 15. Bxh5 Na6 16. Bg4 Nh3+ 17. Bxh3 Bxh3 18. Nf5 Bxf5 19. exf5 Qd7 20. Ne4 Be7 21. f6 Bf8 22. a3 0-0-0 23. Qd3 Bh6 24. Rfb1 Qg4 25. Qf3 Qxf3 26. gxf3 Rhg8 27. Kg2 Rg6 28. Rh1 Nc7 29. Rh5 Kd7 30. Rah1 Bf4 31. Rh7 Rf8 32. Rg7 Bxg3 33. Rxg6 fxg6 34. Rh7+ Kd8 35. fxg3 Ne8 36. Rxa7 Nc7 37. Rb7 Kd7 38. Rxb6 Ne8 39. f7 Rxf7 40. Rb7+ Nc7 41. a4 Rf8 42. b4 cxb4 43. c5 dxc5 44. d6 Rc8 45. dxc7 Kc6 46. Rb8 c4 1-0

[Event "Klaipeda-ch"]
[Site "Klaipeda"]
[Date "2001.??.??"]
[Round "?"]
[White "Beinoras, Mindaugas"]
[Black "Taucius, Martynas"]
[Result "0-1"]
[WhiteElo "2095"]
[BlackElo "2271"]
[PlyCount "80"]
[EventDate "2001.??.??"]
[EventType "tourn"]
[EventRounds "11"]
[EventCountry "LTU"]
[SourceTitle "EXT 2005"]
[Source "ChessBase"]
[SourceDate "2004.11.15"]
[SourceVersion "1"]
[SourceVersionDate "2004.11.15"]
[SourceQuality "1"]

1. d4 g6 2. c4 Bg7 3. Nc3 c5 4. Nf3 cxd4 5. Nxd4 Nc6 6. e3 Nf6 7. g3 0-0 8. Bg2 Ne5 9. b3 d6 10. h3 a6 11. 0-0 Rb8 12. Bb2 Bd7 13. Qe2 Nc6 14. Rfd1 Nxd4 15. exd4 b5 16. c5 dxc5 17. dxc5 Qc8 18. Kh2 Qxc5 19. Nd5 Nxd5 20. Rxd5 Qc8 21. Bxg7 Kxg7 22. Qxe7 Be6 23. Rd2 Rd8 24. Qb4 Rxd2 25. Qxd2 Qd8 26. Rd1 Qxd2 27. Rxd2 a5 28. Rc2 a4 29. b4 Bc4 30. Bf3 Re8 31. a3 Re1 32. Rc3 f5 33. Kg2 g5 34. g4 f4 35. Bc6 Kf6 36. Rc2 Ra1 37. Rc3 Ke6 38. Kf3 Re1 39. Be4 Ke5 40. Bxh7 Bd5+ 0-1

[Event "Plunge op"]
[Site "Plateliai"]
[Date "2000.??.??"]
[Round "8"]
[White "Taucius, Martynas"]
[Black "Narmontas, Raimondas"]
[Result "1-0"]
[WhiteElo "2260"]
[BlackElo "2165"]
[PlyCount "97"]
[EventDate "2000.07.??"]
[EventType "swiss"]
[EventRounds "9"]
[EventCountry "LTU"]
[SourceTitle "EXT 2005"]
[Source "ChessBase"]
[SourceDate "2004.11.15"]
[SourceVersion "1"]
[SourceVersionDate "2004.11.15"]
[SourceQuality "1"]

1. Nf3 f5 2. g3 Nf6 3. c4 e6 4. Bg2 d5 5. 0-0 Bd6 6. Qc2 c6 7. d4 0-0 8. Bf4 Bxf4 9. gxf4 Ne4 10. Ne5 Qh4 11. f3 Nd6 12. e3 Nd7 13. c5 Nxe5 14. dxe5 Nf7 15. Nd2 d4 16. exd4 Qxf4 17. Nb3 Rd8 18. Qc1 Rxd4 19. Nxd4 Qxd4+ 20. Kh1 Qxe5 21. f4 Qf6 22. Qd2 Rb8 23. Rae1 b6 24. b3 Ba6 25. Rf2 e5 26. Qd7 Qh4 27. Kg1 Rd8 28. Qxf5 Bc8 29. Qe4 Nh6 30. h3 Bxh3 31. Bxh3 Qxh3 32. Qxe5 Qd3 33. Qe6+ Kh8 34. Qxc6 Qg3+ 35. Kf1 Qd3+ 36. Kg1 Qg3+ 37. Qg2 Qc3 38. Rfe2 Qxc5+ 39. Qf2 Qc8 40. Re6 Nf5 41. Qc2 g6 42. Qxc8 Rxc8 43. Re8+ Rxe8 44. Rxe8+ Kg7 45. Kf2 Kf6 46. Ra8 h5 47. Rxa7 Nd4 48. Ra6 Kf5 49. Rxb6 1-0

[Event "Plunge op"]
[Site "Plateliai"]
[Date "2000.??.??"]
[Round "4"]
[White "Taucius, Martynas"]
[Black "Valeinis, Janis"]
[Result "1/2-1/2"]
[WhiteElo "2260"]
[BlackElo "2202"]
[PlyCount "96"]
[EventDate "2000.07.??"]
[EventType "swiss"]
[EventRounds "9"]
[EventCountry "LTU"]
[SourceTitle "EXT 2005"]
[Source "ChessBase"]
[SourceDate "2004.11.15"]
[SourceVersion "1"]
[SourceVersionDate "2004.11.15"]
[SourceQuality "1"]

1. Nf3 Nf6 2. c4 g6 3. Nc3 Bg7 4. e4 d6 5. d4 0-0 6. Be2 e5 7. 0-0 Nc6 8. d5 Ne7 9. b4 a5 10. Ba3 axb4 11. Bxb4 b6 12. a4 Re8 13. a5 c5 14. dxc6 Nxc6 15. Bxd6 Nd4 16. Nxd4 exd4 17. Nb5 Nxe4 18. Bf3 Rxa5 19. Rxa5 bxa5 20. Bc7 Qd7 21. Bxa5 Nc3 22. Qb3 Ne2+ 23. Kh1 d3 24. Nc7 Re5 25. Nd5 Qf5 26. Rd1 Nd4 27. Qxd3 Nxf3 28. Qxf3 Qxf3 29. gxf3 Ba6 30. Bb4 h5 31. Ne3 Bb7 32. Rd8+ Kh7 33. Nd5 Bc6 34. Kg2 Rg5+ 35. Kf1 Re5 36. Rd6 Ba4 37. Nf6+ Bxf6 38. Rxf6 Kg8 39. Rd6 Re8 40. c5 Bb5+ 41. Kg2 Re6 42. Rd8+ Re8 43. Rd2 Bc6 44. Bc3 Re6 45. Kg3 f6 46. Rd8+ Kf7 47. Bd4 Re8 48. Rd6 Re6 1/2-1/2